Statistics for 1980s Celebrities by Picture #2

Click here to take the quiz!

General Stats

  • This quiz has been taken 19,815 times
    (12,201 since last reset)
  • The average score is 11 of 16

Answer Stats

Answer % Correct
Michael Jackson
100%
Tom Hanks
94%
Whitney Houston
89%
Tom Cruise
89%
Prince Charles
87%
Mel Gibson
79%
Jodie Foster
67%
Burt Reynolds
61%
Paul Reubens
60%
Diego Maradona
59%
Leslie Nielsen
56%
Matthew Broderick
54%
Geena Davis
52%
Kim Basinger
46%
River Phoenix
45%
Jimmy Smits
27%

Score Distribution

Percentile by Number Answered

Percent of People with Each Score

Your Score History

You have not taken this quiz since the last reset